[Event "XXXIX Benasque Open 2019"]
[Site "Benasque"]
[Date "2019.07.10"]
[Round "7.6"]
[White "Martinez Alcantara, Jose Eduardo"]
[Black "Ubilava, Elizbar"]
[Result "1-0"]
[WhiteElo "2601"]
[BlackElo "2481"]
[Annotator "RC"]
[PlyCount "125"]
[EventDate "2019.07.04"]
[EventType "swiss"]
[EventCountry "ESP"]
[SourceTitle "playchess.com"]
[Source "ChessBase"]
[SourceQuality "1"]
[TimeControl "5400+30"]

1. e4 {[%emt 0:00:00]} e5 {[%emt 0:00:00]} 2. Nf3 {[%emt 0:00:00]} Nc6 {[%emt 0:00:00]} 3. Bb5 {[%emt 0:00:00]} a6 {[%emt 0:00:09]} 4. Ba4 {[%emt 0:00:00]} Nf6 {[%emt 0:00:11]} 5. d3 {[%emt 0:00:49]} d6 {[%emt 0:03:51]} 6. c3 {[%emt 0:00:28]} g6 {[%emt 0:00:41]} 7. O-O {[%emt 0:01:01]} Bg7 {[%emt 0:00:28]} 8. h3 {[%emt 0:00:37]} O-O {[%emt 0:00:22]} 9. Re1 {[%emt 0:00:03]} b5 {[%emt 0:02:00]} 10. Bc2 {[%emt 0:02:49]} Bb7 {[%emt 0:07:55]} 11. a4 {[%emt 0:01:40]} Nb8 {[%emt 0:06:23]} 12. Na3 {[%emt 0:11:54]} Nbd7 {[%emt 0:00:21]} 13. Bg5 {[%emt 0:01:01]} c6 {[%emt 0:01:51]} 14. Qd2 {[%emt 0:01:23]} Nc5 {[%emt 0:13:25]} 15. d4 {[%emt 0:06:26]} Ne6 {[%emt 0:02:11]} 16. Bh6 {[%emt 0:01:45]} Qc7 {[%emt 0:01:51]} 17. Bb3 {[%emt 0:02:51]} Rfe8 {[%emt 0:00:13]} 18. Bxe6 {[%emt 0:05:43]} Rxe6 {[%emt 0:00:38]} 19. Bxg7 {[%emt 0:00:06]} Kxg7 {[%emt 0:00:06]} 20. dxe5 {[%emt 0:00:04]} dxe5 {[%emt 0:00:28]} 21. Qe3 {[%emt 0:09:21]} Nd7 {[%emt 0:04:53]} 22. Red1 {[%emt 0:02:28]} Nb6 {[%emt 0:05:15]} 23. b3 {[%emt 0:00:03]} bxa4 {[%emt 0:08:10]} 24. bxa4 {[%emt 0:01:51]} a5 {[%emt 0:00:13]} 25. Rab1 {[%emt 0:03:59]} c5 {[%emt 0:06:17]} 26. Nb5 {[%emt 0:05:09]} Qe7 {[%emt 0:01:51]} 27. Ra1 {[%emt 0:08:07]} Bc6 {[%emt 0:01:46]} 28. Rdb1 {[%emt 0:01:09]} Rb8 {[%emt 0:05:02]} 29. Nd2 {[%emt 0:05:08]} c4 {[%emt 0:01:19]} 30. Na3 {[%emt 0:01:36]} Bxa4 {[%emt 0:01:20]} 31. Rxb6 {[%emt 0:01:03]} Rbxb6 {[%emt 0:03:40]} 32. Naxc4 {[%emt 0:00:12]} Rb5 {[%emt 0:00:40]} 33. Rxa4 {[%emt 0:00:14]} Qc7 {[%emt 0:00:37]} 34. Qd3 {[%emt 0:01:06]} Rc6 {[%emt 0:08:14]} 35. Ne3 {[%emt 0:01:59]} Rcc5 {[%emt 0:01:25]} 36. Ra3 {[%emt 0:01:59]} Rb7 {[%emt 0:02:24]} 37. Ndc4 {[%emt 0:01:11]} Ra7 {[%emt 0:02:03]} 38. Nd6 {[%emt 0:04:02]} Qd7 {[%emt 0:03:21]} 39. c4 {[%emt 0:00:29]} Rc6 {[%emt 0:01:04]} 40. Nb5 {[%emt 0:01:00]} Qxd3 {[%emt 0:00:26]} 41. Rxd3 {[%emt 0:00:01]} Ra8 {[%emt 0:01:33]} 42. Kf1 {[%emt 0:00:04]} Kf8 {[%emt 0:01:52]} 43. Rc3 {[%emt 0:01:25]} Ke7 {[%emt 0:01:59]} 44. Nd5+ {[%emt 0:00:17]} Kf8 {[%emt 0:00:22]} 45. Ke2 {[%emt 0:00:14]} f5 {[%emt 0:00:16]} 46. Kd3 {[%emt 0:00:04]} Kf7 {[%emt 0:00:10]} 47. f3 {[%emt 0:00:57]} Kg7 {[%emt 0:01:03]} 48. c5 {[%emt 0:04:52]} Rd8 {[%emt 0:02:12]} 49. Kc4 {[%emt 0:01:07]} Kf8 {[%emt 0:01:13]} 50. Nbc7 {[%emt 0:00:33]} Rb8 {[%emt 0:00:26]} 51. Ra3 {[%emt 0:00:29]} Rb1 {[%emt 0:00:30]} 52. Rxa5 {[%emt 0:01:17]} Rc1+ {[%emt 0:00:17]} 53. Kb4 {[%emt 0:00:14]} Rb1+ {[%emt 0:00:18]} 54. Kc3 {[%emt 0:00:03]} Kf7 {[%emt 0:00:31]} 55. Na6 {[%emt 0:00:33]} Kg7 {[%emt 0:01:02]} 56. Kc4 {[%emt 0:01:09]} fxe4 {[%emt 0:00:35]} 57. fxe4 {[%emt 0:00:09]} Rd1 {[%emt 0:00:30]} 58. Kb5 {[%emt 0:00:43]} Rc8 {[%emt 0:00:12]} 59. c6 {[%emt 0:02:16]} Rb1+ {[%emt 0:00:50]} 60. Nab4 {[%emt 0:00:17]} Re1 {[%emt 0:00:16]} 61. Nb6 {[%emt 0:01:28]} Re8 {[%emt 0:00:30]} 62. c7 {[%emt 0:00:16]} Rc1 {[%emt 0:00:36]} 63. Ra8 {[%emt 0:00:24]} 1-0

[Event "XXXIX Benasque Open 2019"]
[Site "Benasque"]
[Date "2019.07.10"]
[Round "7.7"]
[White "Gascon Del Nogal, Jose Rafael"]
[Black "Bartel, Mateusz"]
[Result "0-1"]
[WhiteElo "2466"]
[BlackElo "2600"]
[Annotator "TA"]
[PlyCount "54"]
[EventDate "2019.07.04"]
[EventType "swiss"]
[EventCountry "ESP"]
[SourceTitle "playchess.com"]
[Source "ChessBase"]
[SourceQuality "1"]

{[%evp 20,68,16,14,27,0,0,0,-17,-75,-60,-118,-127,-102,-53,-42,-39,-48,-42,-26,0,-43,-34,-33,-8,-16,-9,-25,-25,-130,-154,-163,-155,-155,-157,-248,-246,-278,-279,-62,-378,-372,-361,-788,-860,-837,-828,-814,-811,-967,-836]} 1. e4 e6 2. d4 d5 3. Nc3 Nf6 4. e5 Nfd7 5. f4 c5 6. Nf3 Nc6 7. Be3 cxd4 8. Nxd4 Bc5 9. Qd2 O-O 10. O-O-O a6 11. Nb3 Bb4 {C11: French: Classical System: 4 e5 and 4 Bg5 dxe4} (11... Be7 12. Kb1 b5 13. Bd3 Bb7 14. Qf2 Qc7 15. Rhf1 Nb4 16. Rc1 Rac8 17. Be2 Nc6 18. Bd3 Nb4 19. Be2 {½-½ (75) Zhigalko,S (2648)-Anton Guijarro,D (2654) Kocaeli 2017}) 12. a3 Be7 $1 13. g4 b5 {The position is equal.} 14. g5 {[#]} (14. Qf2 $11) 14... b4 $1 $17 {[%cal Rb4c3]} 15. axb4 ({White should play} 15. Nxd5 $15 exd5 16. Qxd5 Ndxe5 17. Qxd8 Nxd8 18. fxe5) 15... Bxb4 16. Qf2 a5 17. Na4 Ba6 18. Bxa6 Rxa6 19. h4 $146 ({Predecessor:} 19. Rhg1) 19... Qb8 20. Qe2 Qb7 21. h5 Rc8 22. g6 fxg6 23. hxg6 hxg6 24. Bc5 (24. f5 $11 {remains equal.} gxf5 25. Rdg1 (25. Qh5 Ncxe5 26. Rdg1 Bf8 $11) 25... Ncxe5 26. Qh5) 24... Ne7 25. Bxe7 Bxe7 26. Rh3 Rc4 $36 {[%mdl 2048] Black has strong initiative.} 27. f5 (27. Rd4 $17 {only move.} Qb4 28. Nc3) 27... exf5 {Played: Rc4-e4} 0-1

[Event "XXXIX Benasque Open 2019"]
[Site "Benasque"]
[Date "2019.07.10"]
[Round "7.8"]
[White "Akash Pc, Iyer"]
[Black "Markus, Robert"]
[Result "1/2-1/2"]
[WhiteElo "2441"]
[BlackElo "2595"]
[Annotator "ChessBase"]
[PlyCount "90"]
[EventDate "2019.07.04"]
[EventType "swiss"]
[EventCountry "ESP"]
[SourceTitle "playchess.com"]
[Source "ChessBase"]
[SourceQuality "1"]
[TimeControl "5400+30"]

1. d4 {[%emt 0:00:00]} Nf6 {[%emt 0:00:02]} 2. c4 {[%emt 0:00:00]} d6 {[%emt 0:00:16]} 3. Nf3 {[%emt 0:00:03]} Nbd7 {[%emt 0:00:19]} 4. Nc3 {[%emt 0:00:21]} e5 {[%emt 0:00:11]} 5. e4 {[%emt 0:00:28]} g6 {[%emt 0:00:07]} 6. d5 {[%emt 0:01:15]} c5 {[%emt 0:05:32]} 7. Be3 {[%emt 0:00:45]} Ng4 {[%emt 0:02:32]} 8. Bg5 {[%emt 0:00:18]} f6 {[%emt 0:00:45]} 9. Bd2 {[%emt 0:02:51]} Nh6 {[%emt 0:02:32]} 10. h4 {[%emt 0:05:31]} Nf7 {[%emt 0:06:10]} 11. h5 {[%emt 0:01:51]} Be7 {[%emt 0:00:11]} 12. Qa4 {[%emt 0:07:04]} a6 {[%emt 0:13:27]} 13. Be2 {[%emt 0:06:45]} Kf8 {[%emt 0:06:30]} 14. Nh4 {[%emt 0:09:00]} Kg7 {[%emt 0:03:19]} 15. g3 {[%emt 0:01:18]} b5 {[%emt 0:07:25]} 16. cxb5 {[%emt 0:01:11]} Nb6 {[%emt 0:00:04]} 17. Qd1 {[%emt 0:00:30]} axb5 {[%emt 0:06:47]} 18. Bxb5 {[%emt 0:00:47]} Bd7 {[%emt 0:00:04]} 19. Qe2 {[%emt 0:03:37]} Bxb5 {[%emt 0:03:16]} 20. Qxb5 {[%emt 0:00:19]} Rb8 {[%emt 0:02:59]} 21. Qe2 {[%emt 0:01:02]} Qd7 {[%emt 0:00:05]} 22. b3 {[%emt 0:01:49]} f5 {[%emt 0:03:47]} 23. h6+ {[%emt 0:01:58]} Kf8 {[%emt 0:00:34]} 24. f3 {[%emt 0:03:53]} f4 {[%emt 0:03:47]} 25. Ng2 {[%emt 0:04:44]} g5 {[%emt 0:05:03]} 26. g4 {[%emt 0:00:35]} Bd8 {[%emt 0:04:41]} 27. Kf2 {[%emt 0:01:32]} Nc8 {[%emt 0:01:42]} 28. Na4 {[%emt 0:02:44]} Qa7 {[%emt 0:02:01]} 29. Ne1 {[%emt 0:06:32]} Ba5 {[%emt 0:04:15]} 30. Kg2 {[%emt 0:04:55]} Bxd2 {[%emt 0:04:03]} 31. Qxd2 {[%emt 0:00:07]} Ne7 {[%emt 0:02:48]} 32. Rc1 {[%emt 0:02:51]} Ng6 {[%emt 0:01:48]} 33. Rc4 {[%emt 0:00:10]} Nh4+ {[%emt 0:00:30]} 34. Kf2 {[%emt 0:00:06]} Nxh6 {[%emt 0:00:40]} 35. Ng2 {[%emt 0:00:12]} Nxg2 {[%emt 0:00:43]} 36. Kxg2 {[%emt 0:00:09]} Nf7 {[%emt 0:00:05]} 37. Nc3 {[%emt 0:01:24]} Kg7 {[%emt 0:00:47]} 38. Ra4 {[%emt 0:00:24]} Qb7 {[%emt 0:01:01]} 39. Qd3 {[%emt 0:02:01]} Ra8 {[%emt 0:02:00]} 40. Qc4 {[%emt 0:00:55]} Rxa4 {[%emt 0:00:35]} 41. Nxa4 {[%emt 0:00:06]} Qa7 {[%emt 0:00:34]} 42. Qe2 {[%emt 0:01:23]} Rb8 {[%emt 0:00:21]} 43. Rc1 {[%emt 0:00:05]} Rh8 {[%emt 0:00:12]} 44. Rh1 {[%emt 0:00:06]} Rb8 {[%emt 0:00:08]} 45. Rc1 {[%emt 0:00:07]} Rh8 {[%emt 0:01:08]} 1/2-1/2

[Event "XXXIX Benasque Open 2019"]
[Site "Benasque"]
[Date "2019.07.10"]
[Round "7.9"]
[White "Forcen Esteban, Daniel"]
[Black "Raja Harshit"]
[Result "1-0"]
[WhiteElo "2566"]
[BlackElo "2434"]
[Annotator "ChessBase"]
[PlyCount "51"]
[EventDate "2019.07.04"]
[EventType "swiss"]
[EventCountry "ESP"]
[SourceTitle "playchess.com"]
[Source "ChessBase"]
[SourceQuality "1"]
[TimeControl "5400+30"]

1. c4 {[%emt 0:00:55]} Nf6 {[%emt 0:00:00]} 2. Nf3 {[%emt 0:00:37]} e6 3. b3 {[%emt 0:00:38]} d5 {[%emt 0:01:15]} 4. Bb2 {[%emt 0:00:23]} Be7 {[%emt 0:00:47]} 5. e3 {[%emt 0:00:08]} O-O {[%emt 0:00:56]} 6. Nc3 {[%emt 0:00:31]} c5 {[%emt 0:04:23]} 7. cxd5 {[%emt 0:00:30]} exd5 {[%emt 0:07:02]} 8. d4 {[%emt 0:01:43]} b6 {[%emt 0:01:45]} 9. Be2 {[%emt 0:00:46]} Bb7 {[%emt 0:04:37]} 10. O-O {[%emt 0:00:46]} Nbd7 {[%emt 0:03:41]} 11. Rc1 {[%emt 0:02:39]} Rc8 {[%emt 0:01:37]} 12. Rc2 {[%emt 0:26:52]} a6 {[%emt 0:07:51]} 13. dxc5 {[%emt 0:04:11]} bxc5 {[%emt 0:06:07]} 14. Na4 {[%emt 0:11:12]} Nb6 {[%emt 0:12:18]} 15. Bxf6 {[%emt 0:01:13]} gxf6 {[%emt 0:00:44]} 16. Nxb6 {[%emt 0:01:24]} Qxb6 {[%emt 0:00:04]} 17. Nh4 {[%emt 0:02:55]} f5 {[%emt 0:05:37]} 18. Nxf5 {[%emt 0:00:29]} Qf6 {[%emt 0:00:04]} 19. Bd3 {[%emt 0:09:13]} Rfd8 {[%emt 0:03:43]} 20. Qg4+ {[%emt 0:05:10]} Kh8 {[%emt 0:03:13]} 21. Qh3 {[%emt 0:03:19]} c4 {[%emt 0:00:52]} 22. Nxe7 {[%emt 0:06:54]} cxd3 {[%emt 0:00:16]} 23. Rxc8 {[%emt 0:00:03]} Bxc8 {[%emt 0:00:09]} 24. Nxc8 {[%emt 0:00:05]} d2 {[%emt 0:00:07]} 25. Rd1 {[%emt 0:02:55]} Qc3 {[%emt 0:02:27]} 26. Ne7 {[%emt 0:01:56]} 1-0

[Event "XXXIX Benasque Open 2019"]
[Site "Benasque"]
[Date "2019.07.10"]
[Round "7.10"]
[White "Padmini, Rout"]
[Black "Cruz, Cristhian"]
[Result "1/2-1/2"]
[WhiteElo "2385"]
[BlackElo "2562"]
[Annotator "ChessBase"]
[PlyCount "192"]
[EventDate "2019.07.04"]
[EventType "swiss"]
[EventCountry "ESP"]
[SourceTitle "playchess.com"]
[Source "ChessBase"]
[SourceQuality "1"]
[TimeControl "5400+30"]

1. e4 c5 {[%emt 0:00:00]} 2. Nf3 {[%emt 0:00:00]} e6 {[%emt 0:00:08]} 3. d4 {[%emt 0:00:08]} cxd4 {[%emt 0:00:09]} 4. Nxd4 {[%emt 0:00:05]} Nf6 {[%emt 0:00:52]} 5. Nc3 {[%emt 0:00:12]} d6 {[%emt 0:00:06]} 6. g4 {[%emt 0:01:34]} h6 {[%emt 0:02:17]} 7. h4 {[%emt 0:00:31]} Nc6 {[%emt 0:02:30]} 8. g5 {[%emt 0:01:53]} hxg5 {[%emt 0:01:04]} 9. Bxg5 {[%emt 0:00:08]} a6 {[%emt 0:01:00]} 10. Qd2 {[%emt 0:02:20]} Qb6 {[%emt 0:00:37]} 11. O-O-O {[%emt 0:04:28]} Qxd4 {[%emt 0:03:45]} 12. Qxd4 {[%emt 0:00:11]} Nxd4 {[%emt 0:00:05]} 13. Rxd4 {[%emt 0:00:06]} Bd7 {[%emt 0:01:14]} 14. Bg2 {[%emt 0:06:17]} Be7 {[%emt 0:04:51]} 15. Re1 {[%emt 0:06:31]} Ng4 {[%emt 0:16:07]} 16. f3 {[%emt 0:02:42]} Ne5 {[%emt 0:01:23]} 17. Bxe7 {[%emt 0:03:19]} Kxe7 {[%emt 0:01:05]} 18. Red1 {[%emt 0:00:15]} Rxh4 {[%emt 0:03:19]} 19. Rxd6 {[%emt 0:00:11]} g5 {[%emt 0:02:49]} 20. R6d2 {[%emt 0:04:16]} Rh2 {[%emt 0:04:52]} 21. Rg1 {[%emt 0:08:08]} Rah8 {[%emt 0:04:25]} 22. b3 {[%emt 0:03:05]} Be8 {[%emt 0:02:01]} 23. Rf2 {[%emt 0:02:48]} f6 {[%emt 0:03:55]} 24. Kd2 {[%emt 0:02:56]} Bh5 {[%emt 0:06:08]} 25. Ke3 {[%emt 0:00:13]} Rd8 {[%emt 0:10:21]} 26. Nb1 {[%emt 0:05:57]} f5 {[%emt 0:02:46]} 27. exf5 {[%emt 0:01:34]} exf5 {[%emt 0:00:23]} 28. Rd2 {[%emt 0:00:56]} f4+ {[%emt 0:08:07]} 29. Ke4 {[%emt 0:00:15]} Rxd2 {[%emt 0:00:26]} 30. Nxd2 {[%emt 0:00:09]} Kf6 {[%emt 0:00:09]} 31. c4 {[%emt 0:02:53]} Bg6+ {[%emt 0:00:44]} 32. Kd5 {[%emt 0:01:55]} Rh7 {[%emt 0:00:12]} 33. Ne4+ {[%emt 0:01:15]} Bxe4+ {[%emt 0:00:24]} 34. Kxe4 {[%emt 0:00:03]} Rh2 {[%emt 0:06:37]} 35. c5 {[%emt 0:10:04]} Ng6 {[%emt 0:00:48]} 36. Bf1 {[%emt 0:07:00]} Rxa2 {[%emt 0:01:17]} 37. Bd3 {[%emt 0:03:50]} Rd2 {[%emt 0:07:18]} 38. Rh1 {[%emt 0:02:23]} Ne5 {[%emt 0:00:25]} 39. Bb1 {[%emt 0:03:58]} Nd7 {[%emt 0:02:15]} 40. Rh6+ {[%emt 0:06:03]} Kg7 {[%emt 0:00:28]} 41. Rh1 {[%emt 0:00:03]} Nf6+ {[%emt 0:01:26]} 42. Kf5 {[%emt 0:00:17]} Rd5+ {[%emt 0:00:10]} 43. Ke6 {[%emt 0:00:03]} Rxc5 {[%emt 0:00:07]} 44. Bf5 {[%emt 0:00:24]} Rc6+ {[%emt 0:01:17]} 45. Ke5 {[%emt 0:00:13]} Kf7 {[%emt 0:00:26]} 46. b4 {[%emt 0:01:02]} a5 {[%emt 0:01:23]} 47. Bb1 {[%emt 0:01:03]} axb4 {[%emt 0:00:32]} 48. Ba2+ {[%emt 0:00:04]} Kg7 {[%emt 0:00:13]} 49. Rb1 {[%emt 0:02:07]} Rc5+ {[%emt 0:00:35]} 50. Kd6 {[%emt 0:01:06]} Rc2 {[%emt 0:00:49]} 51. Be6 {[%emt 0:00:21]} Rc3 {[%emt 0:00:18]} 52. Rxb4 {[%emt 0:00:22]} Rxf3 {[%emt 0:00:05]} 53. Ke5 {[%emt 0:00:48]} Re3+ {[%emt 0:01:01]} 54. Kf5 {[%emt 0:00:02]} f3 {[%emt 0:00:41]} 55. Rxb7+ {[%emt 0:00:50]} Kh6 {[%emt 0:00:10]} 56. Kxf6 {[%emt 0:00:11]} Ra3 {[%emt 0:00:51]} 57. Rb8 {[%emt 0:00:47]} Ra7 {[%emt 0:00:14]} 58. Rb3 {[%emt 0:01:45]} g4 {[%emt 0:00:18]} 59. Bxg4 {[%emt 0:01:25]} Rg7 {[%emt 0:00:03]} 60. Bf5 {[%emt 0:00:40]} Rg8 {[%emt 0:00:06]} 61. Rxf3 {[%emt 0:00:35]} Rg6+ {[%emt 0:00:14]} 62. Ke5 {[%emt 0:00:07]} Rg7 {[%emt 0:00:41]} 63. Rf1 {[%emt 0:00:48]} Rg5 {[%emt 0:00:52]} 64. Ra1 {[%emt 0:00:46]} Rg7 {[%emt 0:00:33]} 65. Kf4 {[%emt 0:00:09]} Rg2 {[%emt 0:01:20]} 66. Ra7 {[%emt 0:00:16]} Rf2+ {[%emt 0:00:23]} 67. Ke5 {[%emt 0:00:07]} Rb2 {[%emt 0:00:44]} 68. Rh7+ {[%emt 0:00:57]} Kg5 {[%emt 0:00:04]} 69. Rg7+ {[%emt 0:00:04]} Kh6 {[%emt 0:00:31]} 70. Rg6+ {[%emt 0:00:17]} Kh5 {[%emt 0:00:03]} 71. Rg8 {[%emt 0:00:31]} Rb6 {[%emt 0:00:57]} 72. Rg7 {[%emt 0:00:26]} Ra6 {[%emt 0:00:28]} 73. Kf4 {[%emt 0:00:12]} Ra4+ {[%emt 0:00:40]} 74. Be4 {[%emt 0:00:11]} Ra6 {[%emt 0:00:03]} 75. Rh7+ {[%emt 0:01:44]} Rh6 {[%emt 0:00:06]} 76. Ra7 {[%emt 0:00:11]} Rb6 {[%emt 0:00:48]} 77. Bf5 {[%emt 0:01:21]} Rb4+ {[%emt 0:00:20]} 78. Ke5 {[%emt 0:00:07]} Rb6 {[%emt 0:00:21]} 79. Rg7 {[%emt 0:00:39]} Kh6 {[%emt 0:00:41]} 80. Rg1 {[%emt 0:00:06]} Kh5 {[%emt 0:00:46]} 81. Kf4 {[%emt 0:00:33]} Kh6 {[%emt 0:00:28]} 82. Rh1+ {[%emt 0:00:07]} Kg7 {[%emt 0:00:06]} 83. Rh7+ {[%emt 0:00:03]} Kf8 {[%emt 0:00:23]} 84. Ke5 {[%emt 0:00:21]} Kg8 {[%emt 0:00:29]} 85. Rc7 {[%emt 0:00:06]} Kh8 {[%emt 0:00:42]} 86. Rf7 {[%emt 0:00:38]} Rh6 {[%emt 0:00:48]} 87. Rd7 {[%emt 0:01:21]} Kg8 {[%emt 0:00:30]} 88. Be6+ {[%emt 0:00:06]} Kh8 {[%emt 0:00:17]} 89. Rf7 {[%emt 0:01:12]} Rh5+ {[%emt 0:00:39]} 90. Kf6 {[%emt 0:00:27]} Rh6+ {[%emt 0:00:12]} 91. Kf5 {[%emt 0:00:09]} Rh2 {[%emt 0:00:34]} 92. Kg6 {[%emt 0:00:35]} Rg2+ {[%emt 0:00:29]} 93. Kf6 {[%emt 0:00:08]} Rg8 {[%emt 0:01:15]} 94. Bd7 {[%emt 0:00:42]} Rg7 {[%emt 0:00:17]} 95. Rf8+ {[%emt 0:00:53]} Rg8 {[%emt 0:00:04]} 96. Rxg8+ {[%emt 0:00:09]} Kxg8 {[%emt 0:00:04]} 1/2-1/2

[Event "XXXIX Benasque Open 2019"]
[Site "Benasque"]
[Date "2019.07.11"]
[Round "8.1"]
[White "Indjic, Aleksandar"]
[Black "Martinez Alcantara, Jose Eduardo"]
[Result "1-0"]
[WhiteElo "2604"]
[BlackElo "2601"]
[Annotator "TA"]
[PlyCount "55"]
[EventDate "2019.07.04"]
[EventType "swiss"]
[EventCountry "ESP"]
[SourceTitle "playchess.com"]
[Source "ChessBase"]
[SourceQuality "1"]

{[%evp 13,55,0,0,0,4,0,12,0,106,103,117,112,108,100,100,100,100,100,101,100,98,99,104,104,204,204,234,246,329,335,337,343,346,333,331,341,335,335,306,306,1581,1529,1229,1204]} 1. Nf3 c5 2. c4 Nc6 3. d4 cxd4 4. Nxd4 Nf6 5. Nc3 e6 6. g3 Qb6 7. Ndb5 Ne5 8. Bf4 {A33: Symmetrical English: 2 Nf3 Nf6 3 d4 cxd4 4 Nxd4 e6 5 Nc3 Nc6} Nfg4 $1 {( -> ...Nf3+!)} 9. e3 Qc6 10. h3 {The position is equal.} Nf3+ (10... a6 $1 $11 {keeps the balance.} 11. Nc7+ Qxc7 12. hxg4 Qc6) 11. Ke2 $16 Nge5 12. b3 {Strongly threatening Bg2.} g5 13. Bg2 $36 {[%mdl 2048] Bxe5 is the strong threat. White is on the roll.} gxf4 14. exf4 a6 15. fxe5 axb5 {[#]} 16. Nxb5 $146 ({Predecessor:} 16. Bxf3) 16... Qc5 17. Bxf3 Qxe5+ 18. Kf1 d5 (18... Bg7 $16) 19. Kg2 $18 {Threatens to win with Re1.} ({Don't play} 19. cxd5 $6 Bd7 $14) 19... dxc4 {[#]} 20. a4 $1 {Black must now prevent Re1.} ({Don't take} 20. bxc4 $6 Be7 $16) 20... Bb4 21. Rc1 ({Weaker is} 21. bxc4 O-O $16) 21... Bd7 22. Rxc4 Bxb5 23. Rxb4 Bc6 24. Bxc6+ bxc6 25. Qc2 Qd5+ 26. Kh2 {And now Rd1 would win.} O-O-O $2 {[#]} (26... O-O 27. Rg4+ Kh8) 27. Rd1 $1 {[%mdl 512]} Qf3 (27... Qxd1 28. Qxc6#) 28. Rf4 {Accuracy: White = 100%, Black = 57%.} 1-0

[Event "XXXIX Benasque Open 2019"]
[Site "Benasque"]
[Date "2019.07.11"]
[Round "8.2"]
[White "Hovhannisyan, Robert"]
[Black "Rychagov, Andrey"]
[Result "1-0"]
[WhiteElo "2640"]
[BlackElo "2537"]
[Annotator "RC"]
[PlyCount "47"]
[EventDate "2019.07.04"]
[EventType "swiss"]
[EventCountry "ESP"]
[TimeControl "5400+30"]

1. e4 {[%emt 0:00:00]} e6 {[%emt 0:02:07]} 2. d4 {[%emt 0:00:00]} d5 {[%emt 0:00:03]} 3. Nc3 {[%emt 0:00:00]} dxe4 {[%emt 0:00:38]} 4. Nxe4 {[%emt 0:00:00]} Nd7 {[%emt 0:00:04]} 5. Nf3 {[%emt 0:00:22]} Ngf6 {[%emt 0:00:08]} 6. Bg5 {[%emt 0:00:24]} h6 {[%emt 0:00:24]} 7. Bxf6 {[%emt 0:00:35]} Nxf6 {[%emt 0:00:09]} 8. Bd3 {[%emt 0:00:07]} Nxe4 {[%emt 0:14:39]} 9. Bxe4 {[%emt 0:00:07]} c5 {[%emt 0:00:10]} 10. Qe2 {[%emt 0:00:46]} Qa5+ {[%emt 0:03:07]} 11. c3 {[%emt 0:00:09]} Be7 {[%emt 0:08:56]} 12. O-O {[%emt 0:01:24]} cxd4 {[%emt 0:06:47]} 13. cxd4 {[%emt 0:02:25]} O-O {[%emt 0:02:40]} 14. Ne5 {[%emt 0:02:29]} Bf6 {[%emt 0:05:32]} 15. Bc2 {[%emt 0:02:10]} Rd8 {[%emt 0:17:02]} 16. Qe4 {[%emt 0:02:02]} Qb6 {[%emt 0:05:49]} 17. Rad1 {[%emt 0:20:46]} Qxb2 {[%emt 0:02:11]} 18. Qh7+ {[%emt 0:04:31]} Kf8 {[%emt 0:00:03]} 19. Bb3 {[%emt 0:00:52]} Ke7 {[%emt 0:12:16]} 20. Qe4 {[%emt 0:05:41]} Kf8 {[%emt 0:00:26]} 21. Rd3 {[%emt 0:05:48]} Bxe5 {[%emt 0:02:43]} 22. dxe5 {[%emt 0:00:43]} Bd7 {[%emt 0:01:46]} 23. Rfd1 {[%emt 0:13:55]} Ke8 {[%emt 0:00:06]} 24. Rxd7 {[%emt 0:01:04]} 1-0